00483nam a22001577a 4500999001900000003000500019020002400024038001100048082001500059100002900074245005600103260004100159300001300200942001200213952010000225 c531587d531587NUST a9789879898345qH/B. awaseem a333.7bZEC aZecchin, Gigliola924463 aArgentina, una intensa travesia /cGigliola Zecchin aBuenos Aires :bLaboratirios,c2012. a200 p. ; 2ddccBK 00102ddc4070aCLbCLd2019-10-21eDonationo333.7 ZECpCL-D-731r2019-10-21w2019-10-21yREF